00724nam a2200181 i 450000100060000000300090000600500170001500700030003200800410003510000300007624501310010626000360023730000460027370000520031985200320037199900170040395201220042095918ES-MaACL20230906181813.0t|050608s1967 sp ||||1| spa d1 aMckenna, Joseph P.97959010aCurso medio de teoría económica / cpor Joseph P. McKenna; versión española por José Manuel de la Torre y de Miguel. aBarcelona : bMarcombo, c1967. aXII, 275 p., 1 h. ple. : bil. ; c22 cm.1 aTorre y de Miguel, José Manuel de la.9110793 aES-MaACLjC-33748 bR.64812 c95918d95918 00104070aATENEOMbATENEOMcDEPO2d2008-01-17eSCl0oC-33748p1100153r2023-02-23 00:00:00w2023-02-23yMONOGRAFIA